MARC

LEADER 00000nam0a2200000 4500
001 128456
005 20250528095629.0
035 |a (RuTPU)RU\TPU\book\138958 
090 |a 128456 
100 |a 20071227d1984 m y0rusy50 ca 
101 0 |a rus 
102 |a UA 
105 |a a z 001zy 
200 1 |a Тренировка конькобежцев  |f И. П. Чернов 
210 |a Киев  |c Здоровья  |d 1984 
215 |a 88 с.  |c ил. 
320 |a Библиогр.: с.85-86 
333 |a Исключено из фонда НТБ ТПУ 
610 1 |a конькобежный спорт 
610 1 |a тренировки 
610 1 |a планирование подготовки 
610 1 |a прогнозирование 
610 1 |a модельные характеристики 
610 1 |a отбор спортсменов 
610 1 |a методика тренировки 
610 1 |a соревнования 
610 1 |a учет 
610 1 |a контроль 
675 |a 795  |v 3 
700 1 |a Чернов  |b И. П.  |g Иван Павлович 
801 1 |a RU  |b 63413507  |c 20071227  |g PSBO 
850 |a 63413507 
942 |c BK